La cámara de 35 mm. /
Guardado en:
| Autor Principal: | |
|---|---|
| Formato: | Libro |
| Publicado: |
Barcelona :
Omega,
1976
|
| Etiquetas: |
Agregar Etiqueta
Sin Etiquetas, Sea el primero en etiquetar este registro!
|
| LEADER | 00624nam a22001575a 4500 | ||
|---|---|---|---|
| 001 | CEM.cems002818 | ||
| 005 | 20060221000000.0 | ||
| 008 | 130507s1976##################000#0#####d | ||
| 003 | CEMS | ||
| 082 | 0 | 4 | |a 771.3 |
| 100 | 1 | |a Gaunt, Leonard | |
| 245 | 1 | 0 | |a La cámara de 35 mm. / |c Leonard Gaunt |
| 260 | |a Barcelona : |b Omega, |c 1976 | ||
| 300 | |a 246 p. | ||
| 505 | 0 | |a Elementos.-Métodos de exposici¢n.-Papeles para color.-Revelado.-Balance del color.-Diapositivas.-Exposici¢n y revelado de los materiales de color inversibles.-Modificaci¢n y acabado de las copias en color. | |
| 859 | |a CEMS |b BIB. CEMS - 11 de abril |h 771.3 |i G235 |p 9228.81 |t Ej.1 | ||
